<Das> grosse Computer-Lexikon über 6000 aktuelle Begriffe leichtverständlich erklärt

Saved in:
Bibliographic Details
Main Author: Woerrlein, Hartmut
Other Authors: Kaltenbach, Thomas
Format: Book
Language:German
Published: Haar bei München Markt und Technik 1993
Edition:1. Aufl.
Subjects:
Tags: Add Tag
No Tags, Be the first to tag this record!

MARC

LEADER 00000nam a2200000 4500
001 c010341
005 20221214083535.3
020 |a 3-87791-520-5 
041 0 |a ger 
044 |a DE 
245 1 0 |a <Das> grosse Computer-Lexikon über 6000 aktuelle Begriffe leichtverständlich erklärt  |c Hartmut Woerrlein, Thomas Kaltenbach 
250 |a 1. Aufl. 
264 1 |a Haar bei München  |b Markt und Technik  |c 1993 
300 |a 459 s. 
610 2 0 |a terminológia 
610 2 0 |a počítače 
610 2 0 |a softvér 
610 2 0 |a hardvér 
100 1 |a Woerrlein, Hartmut 
700 1 |a Kaltenbach, Thomas